Type (Record no. 5298)

MARC details
000 -CABECERA
campo de control de longitud fija 02426cam a2200385Ii 4500
001 - NÚMERO DE CONTROL
campo de control a22341057
003 - IDENTIFICADOR DEL NÚMERO DE CONTROL
campo de control SIRSI
005 - FECHA Y HORA DE LA ÚLTIMA TRANSACCIÓN
campo de control 20260123154330.0
008 - DATOS DE LONGITUD FIJA--INFORMACIÓN GENERAL
campo de control de longitud fija 170109t20172017gw a 001 0 eng d
020 ## - NÚMERO INTERNACIONAL ESTÁNDAR DEL LIBRO
Número Internacional Estándar del Libro 9783836565882
035 ## - NÚMERO DE CONTROL DEL SISTEMA
Número de control de sistema (OCoLC)967835282
040 ## - FUENTE DE LA CATALOGACIÓN
Centro catalogador/agencia de origen YDX
Lengua de catalogación eng
Normas de descripción rda
Centro/agencia transcriptor YDX
Centro/agencia modificador OQX
-- CDX
-- ICW
-- UKWOH
-- UtOrBLW
041 0# - CÓDIGO DE LENGUA
Código de lengua del texto/banda sonora o título independiente eng
-- ger
-- fre
049 ## - FONDOS LOCALES (OCLC)
Fondos de biblioteca UPMM
050 #4 - SIGNATURA TOPOGRÁFICA DE LA BIBLIOTECA DEL CONGRESO
Número de clasificación Z250.A2
Número de documento/Ítem T953 2017
245 00 - MENCIÓN DE TÍTULO
Título Type
Resto del título : a visual history of typefaces and graphic styles, 1628-1938
Mención de responsabilidad, etc. / edited by Cees W. de Jong ; with texts by Jan Tholenaar, Cees W. de Jong and Alston W. Purvis.
260 ## - PUBLICACIÓN, DISTRIBUCIÓN, ETC.
Lugar de publicación, distribución, etc. Cologne :
Nombre del editor, distribuidor, etc. Taschen,
Fecha de publicación, distribución, etc. 2017.
300 ## - DESCRIPCIÓN FÍSICA
Extensión 720 pages :
Otras características físicas illustrations (chiefly color) ;
Dimensiones 33 cm
500 ## - NOTA GENERAL
Nota general Originally published as a 2 volume set in 2009/2010.
500 ## - NOTA GENERAL
Nota general Includes index.
520 ## - SUMARIO, ETC.
Sumario, etc. For The Love of Letters. A history of fonts and graphic styles from 1628 to 1938 This comprehensive book offers a thorough overview of typeface design from 1628 to the mid-20th century. Derived from a distinguished Dutch collection, a series of exquisitely designed catalogues trace the evolution of the printed letter via specimens in roman, italic, bold, semibold, narrow, and broad fonts. Borders, ornaments, initial letters, and decorations are also included, along with lithographic examples, letters by sign writers, inscription carvers, and calligraphers. The first part of the book covers pre-20th century typeface, with texts by editor Cees de Jong and collector Jan Tholenaar. The second part covers the period from 1900 to the mid-20th century, and contains a historical outline by Alston W. Purvis. Featured type designers include: William Caslon, Fritz Helmuth Ehmcke, Peter Behrens, Rudolf Koch, Eric Gill, Jan van Krimpen, Paul Renner, Jan Tschichold, A. M. Cassandre, Aldo Novarese, and Adrian Frutiger.
546 ## - NOTA DE LENGUA/LENGUAJE
Nota de lengua/lenguaje Parallel texts in English, German, and French.
650 #0 - PUNTO DE ACCESO ADICIONAL DE MATERIA--TÉRMINO DE MATERIA
Término de materia o nombre geográfico como elemento de entrada Type and type-founding
Subdivisión general History
9 (RLIN) 26643
650 #0 - PUNTO DE ACCESO ADICIONAL DE MATERIA--TÉRMINO DE MATERIA
Término de materia o nombre geográfico como elemento de entrada Type and type-founding
Subdivisión general History
Subdivisión de forma Pictorial works
9 (RLIN) 26644
650 #0 - PUNTO DE ACCESO ADICIONAL DE MATERIA--TÉRMINO DE MATERIA
Término de materia o nombre geográfico como elemento de entrada Type and type-founding
Subdivisión de forma Specimens
9 (RLIN) 26645
650 #0 - PUNTO DE ACCESO ADICIONAL DE MATERIA--TÉRMINO DE MATERIA
Término de materia o nombre geográfico como elemento de entrada Type and type-founding
9 (RLIN) 23779
650 #0 - PUNTO DE ACCESO ADICIONAL DE MATERIA--TÉRMINO DE MATERIA
Término de materia o nombre geográfico como elemento de entrada Technology
9 (RLIN) 3388
655 #0 - TÉRMINO DE INDIZACIÓN--GÉNERO/FORMA
Datos o término principal de género/forma History
9 (RLIN) 22700
655 #0 - TÉRMINO DE INDIZACIÓN--GÉNERO/FORMA
Datos o término principal de género/forma Pictorial works
9 (RLIN) 23053
655 #0 - TÉRMINO DE INDIZACIÓN--GÉNERO/FORMA
Datos o término principal de género/forma Specimens
9 (RLIN) 26646
700 ## - ENTRADA AGREGADA--NOMBRE PERSONAL
Nombre de persona Jong, Cees de
Término indicativo de función/relación editor
-- author
9 (RLIN) 26647
700 ## - ENTRADA AGREGADA--NOMBRE PERSONAL
Nombre de persona Tholenaar, Jan
Término indicativo de función/relación author
9 (RLIN) 26648
700 ## - ENTRADA AGREGADA--NOMBRE PERSONAL
Nombre de persona Purvis, Alston W.
Fechas asociadas al nombre 1943-
Término indicativo de función/relación author
9 (RLIN) 26649
942 ## - ELEMENTOS DE ENTRADA AGREGADA (KOHA)
Fuente del sistema de clasificación o colocación Clasificación de Library of Congress
Holdings
Estado de retiro Estado de pérdida Fuente del sistema de clasificación o colocación Estado dañado No para préstamo Biblioteca de origen Biblioteca actual Fecha de adquisición Total de préstamos Signatura topográfica completa Código de barras Fecha visto por última vez Número de copia Precio válido a partir de Tipo de ítem Koha
    Clasificación de Library of Congress     TBS Barcelona TBS Barcelona 23/01/2026   Z250.A2 JON B05602 23/01/2026 1 23/01/2026 Book

Powered by Koha